00468 2200193 4500001002100000005001500021008004100036020002200077035001900099041000700118082001000125090001600135100001600151245002400167260003200191300002500223500001000248650001600258INLIS00000000000093020241224112244241224||||||||| | ||| |||| || |  a978-979-518-729-5 0010-1224000930 aid0 a370.7 a370.7 DAR e0 aH. Daryanto00aEvaluasi Pendidikan aJakartabRineka Ciptac2014 aviii,227 hlm.;20 cm. aCet.8 0aIlmu Sosial